000 00430nam a22001697a 4500
005 20160511114231.0
008 160511b xxu||||| |||| 00| 0 eng d
020 _a81-2030838-7
041 _aeng
082 _b1251
100 _aAdam Everatte Ebert, J Ronald.
_9438
245 _aProduction and operation management
260 _aNew Delhi
_bPrentice hall of India,
300 _a727
650 _aManagement
_9241
942 _cBK
999 _c525
_d525